Facebook Applications (Record no. 54912)
[ view plain ]
| 000 -LEADER | |
|---|---|
| fixed length control field | 00315nam a22001457a 4500 |
| 008 - FIXED-LENGTH DATA ELEMENTS--GENERAL INFORMATION | |
| fixed length control field | 190925b ||||| |||| 00| 0 eng d |
| 020 ## - INTERNATIONAL STANDARD BOOK NUMBER | |
| International Standard Book Number | 9780071549677 |
| 041 ## - LANGUAGE CODE | |
| Language code of text/sound track or separate title | eng |
| 080 ## - UNIVERSAL DECIMAL CLASSIFICATION NUMBER | |
| Edition identifier | 004 |
| Universal Decimal Classification number | 004 |
| 082 ## - DEWEY DECIMAL CLASSIFICATION NUMBER | |
| Edition number | 004 |
| 100 ## - Rafti | |
| Rafti | 28 |
| 101 ## - Shkurtesa | |
| Shkurtesa | SHKI |
| 245 ## - TITLE STATEMENT | |
| Title | Facebook Applications |
| Statement of responsibility, etc | Feiler,J |
| 942 ## - ADDED ENTRY ELEMENTS (KOHA) | |
| Source of classification or shelving scheme | |
| Item type | Books |
| Withdrawn status | Lost status | Source of classification or shelving scheme | Damaged status | Not for loan | Collection code | Permanent location | Current location | Shelving location | Date acquired | Total Checkouts | Full call number | Barcode | Date last seen | Price effective from | Koha item type |
|---|---|---|---|---|---|---|---|---|---|---|---|---|---|---|---|
| Koleksioni i përgjithshem | UBT - Gjilan | UBT - Gjilan | Koleksioni i përgjithshem | 09/25/2019 | 004 FEI | 002-3020320 | 09/25/2019 | 09/25/2019 | Books | ||||||
| Koleksioni i përgjithshem | UBT - Gjilan | UBT - Gjilan | Koleksioni i përgjithshem | 09/25/2019 | 004 FEI | 002-3020315 | 09/25/2019 | 09/25/2019 | Books | ||||||
| Koleksioni i përgjithshem | UBT - Gjilan | UBT - Gjilan | Koleksioni i përgjithshem | 09/25/2019 | 004 FEI | 002-3020342 | 09/25/2019 | 09/25/2019 | Books | ||||||
| Koleksioni i përgjithshem | UBT - Gjilan | UBT - Gjilan | Koleksioni i përgjithshem | 09/25/2019 | 004 FEI | 002-3020347 | 09/25/2019 | 09/25/2019 | Books | ||||||
| Koleksioni i përgjithshem | UBT - Gjilan | UBT - Gjilan | Koleksioni i përgjithshem | 09/25/2019 | 004 FEI | 002-3020352 | 09/25/2019 | 09/25/2019 | Books |